U.S. – Latin America relations in the 21st century

Vzťahy USA a Latinskej Ameriky v 21. storočí, problémy. Obchodné rokovania, návrh USA na vytvorenie FTAA (Free Trade Area of the Americas) v roku 1994. Nová architektúra finančného systému. Iné politické delenia medzi USA a Latinskou Amerikou. Imigrácia.

Gespeichert in:
Bibliographische Detailangaben
1. Verfasser: Šabo, Marián
Format: Buchkapitel
Sprache:Englisch
Schlagworte:
Tags: Tag hinzufügen
Keine Tags, Fügen Sie das erste Tag hinzu!

MARC

LEADER 00000nla a2200000 4500
001 0151814
005 20240502083346.6
041 0 |a eng 
044 |a HU 
245 1 0 |a U.S. – Latin America relations in the 21st century  |c Marián Šabo 
520 |a Vzťahy USA a Latinskej Ameriky v 21. storočí, problémy. Obchodné rokovania, návrh USA na vytvorenie FTAA (Free Trade Area of the Americas) v roku 1994. Nová architektúra finančného systému. Iné politické delenia medzi USA a Latinskou Amerikou. Imigrácia. 
610 2 0 |a vzťahy hospodárske medzinárodné 
610 2 0 |a vzťahy politické medzinárodné 
610 2 0 |a obchod zahraničný 
610 2 0 |a imigrácia 
610 2 0 |a USA 
610 2 0 |a Latinská Amerika 
100 1 |a Šabo, Marián